00674nam a22001937a 4500003000900000008004100009020002200050040007100072082002300143110002300166245007300189260003900262300002700301650002500328650002100353650001500374700004900389710004200438AR-CdUCM190426b ||||| |||| 00| 0 spa d a978-607-618-234-5 aMUNICIPALIDAD PROVINCIAL DEL CUSCOcBIBLIOTECA MUNICIPAL DEL CUSCO aPI / 376.1 /bAN61 aAdvanced Marketing aLos animales :bEn la selva, en el mar, las mascotas, en la granja / aMéxico :bSilver Dolphin,c2014. bilustraciones,c25 cm. aAprendizaje infantil aPrimera infancia aDesarrollo aCaballero del Moral, Samantha (traducción) aAdvanced Marketing S. de R.L. de C.V.